[Event "Moscow RUS"]
[Site "Moscow RUS"]
[Date "1995.??.??"]
[Round "8"]
[White "Ivanov, Victor L"]
[Black "Bondarenko, Vladimir"]
[Result "1-0"]
[WhiteElo "2460"]
[BlackElo "2310"]
[PlyCount "67"]
[EventDate "1995.??.??"]
[Source "www.chesslib.no"]
[SourceDate "2004.05.04"]

1. e4 e5 2. Nf3 c6 3. d4 Nf6 4. Nc3 exd4 5. Qxd4 d5 6. Bg5 Be7 7. O-O-O c5 8. Qa4+ Bd7 9. Bb5 d4 10. e5 Ng4 11. Bxe7 Qxe7 12. Nd5 Qd8 13. Rhe1 O-O 14. Bxd7 Nxd7 15. h3 Nh6 16. c3 Nb6 17. Rd2 Rb8 18. Nxb6 Qe7 19. Qb3 Qd6 20. Na4 d3 21. Qe6 Rfd8 22. Qb3 Qf6 23. Rxd3 Qf5 24. Kd2 Rdc8 25. Rd4 Qxh3 26. Kd3 g6 27. Nxc5 a5 28. a3 a4 29. Qa2 Kg7 30. Qb1 f6 31. Qc2 Qxg2 32. Ke3 Qh2 33. Rdd1 g5 34. Qe2 1-0

[Event "SLO-chT"]
[Site "?"]
[Date "1999.??.??"]
[Round "?"]
[White "Golubovic Boris"]
[Black "Basagic Zlatko"]
[Result "1-0"]
[WhiteElo "2450"]
[BlackElo "2316"]
[PlyCount "81"]
[EventDate "1999.??.??"]
[Source "www.chesslib.no"]
[SourceDate "2004.05.04"]

1. e4 e5 2. Nf3 c6 3. d4 Nf6 4. Nxe5 d6 5. Nf3 Nxe4 6. Bd3 d5 7. Qe2 Bf5 8. Nbd2 Qe7 9. O-O Nd6 10. Ne5 Qe6 11. c4 Be7 12. c5 Nc8 13. Re1 Bxd3 14. Qxd3 f6 15. Nef3 Qf7 16. Nf1 O-O 17. Ng3 Rd8 18. Bf4 b6 19. Rac1 b5 20. a4 bxa4 21. Ra1 Bf8 22. Rxa4 Rd7 23. b4 Rb7 24. Nd2 g5 25. Be3 Ne7 26. Nb3 h5 27. Na5 Rc7 28. h4 Bh6 29. Ra2 Nd7 30. Rae2 Nf8 31. Bd2 Rac8 32. hxg5 fxg5 33. Nxh5 Neg6 34. Qh3 Nh4 35. Qg4 Qf5 36. Re5 Qxg4 37. Nf6+ Kf7 38. Nxg4 Bg7 39. Rxg5 Bxd4 40. Nh6+ Kf6 41. Rg4 1-0

[Event "Moscow op2"]
[Site "Moscow"]
[Date "1995.??.??"]
[Round "8"]
[White "Ivanov, Victor L"]
[Black "Bondarenko, Vladimir"]
[Result "1-0"]
[WhiteElo "2450"]
[BlackElo "2315"]
[PlyCount "67"]
[EventDate "1995.11.??"]
[Source "ChessBase"]

1. e4 e5 2. Nf3 c6 3. d4 Nf6 4. Nc3 exd4 5. Qxd4 d5 6. Bg5 Be7 7. O-O-O c5 8. Qa4+ Bd7 9. Bb5 d4 10. e5 Ng4 11. Bxe7 Qxe7 12. Nd5 Qd8 13. Rhe1 O-O 14. Bxd7 Nxd7 15. h3 Nh6 16. c3 Nb6 17. Nxb6 axb6 18. Qb3 d3 19. a3 Qc7 20. c4 b5 21. Qxb5 Rfd8 22. Re3 d2+ 23. Rxd2 Rxd2 24. Kxd2 Rd8+ 25. Rd3 Rxd3+ 26. Kxd3 Kf8 27. b4 b6 28. bxc5 bxc5 29. a4 Ke7 30. a5 Kd8 31. a6 Nf5 32. Ke4 Ne7 33. Ng5 Nc8 34. Qb7 1-0

[Event "SLO-chT sf"]
[Site "Skofja Loka"]
[Date "1997.??.??"]
[Round "?"]
[White "Jurkovic, Hrvoje"]
[Black "Basagic, Zlatko"]
[Result "1/2-1/2"]
[WhiteElo "2380"]
[BlackElo "2335"]
[PlyCount "36"]
[EventDate "1997.07.??"]
[Source "ChessBase"]
[SourceDate "1998.03.09"]

1. e4 e5 2. Nf3 c6 3. d4 Nf6 4. dxe5 Nxe4 5. Nbd2 Nxd2 6. Bxd2 d5 7. exd6 Bxd6 8. Qe2+ Qe7 9. Qxe7+ Bxe7 10. O-O-O O-O 11. h3 Be6 12. Bc3 Bd5 13. Bd3 Nd7 14. Rhe1 Rfe8 15. Be4 Nb6 16. Bxd5 Nxd5 17. Be5 Bc5 18. Bd4 Bxd4 1/2-1/2

[Event "Budapest Spring Open"]
[Site "Budapest HUN"]
[Date "1994.??.??"]
[Round "4"]
[White "Galanov, Boris"]
[Black "Bondarenko, Vladimir"]
[Result "1/2-1/2"]
[WhiteElo "2435"]
[BlackElo "2240"]
[PlyCount "102"]
[EventDate "1994.03.??"]
[Source "www.chesslib.no"]
[SourceDate "2004.05.04"]

1. e4 e5 2. Nf3 c6 3. d4 Nf6 4. dxe5 Nxe4 5. Qd4 Nc5 6. Bc4 b5 7. Bb3 d5 8. exd6 Qxd6 9. O-O Qxd4 10. Nxd4 Nxb3 11. Re1+ Kd8 12. axb3 Bc5 13. Be3 Bb4 14. c3 Bd6 15. Nd2 Re8 16. b4 Kc7 17. N2b3 Be6 18. Nxe6+ Rxe6 19. Nc5 Bxc5 20. Bxc5 Nd7 21. Rxe6 fxe6 22. Rxa7+ Rxa7 23. Bxa7 Kd6 24. Kf1 Kd5 25. b3 e5 26. Ke2 Nf6 27. f3 Nh5 28. g3 Nf6 29. Kd3 Nd7 30. Be3 Nf6 31. Bg5 Nd7 32. Bd8 Nf8 33. Be7 Nd7 34. Bd8 Nf8 35. Bc7 Nd7 36. g4 h6 37. h4 h5 38. Bd8 g6 39. gxh5 gxh5 40. Be7 Ke6 41. Bg5 Kf5 42. Be3 Nf8 43. Bh6 Ne6 44. Be3 Nf4+ 45. Kd2 e4 46. fxe4+ Kxe4 47. c4 Nd3 48. Bg5 Ne5 49. cxb5 cxb5 50. Bd8 Nf3+ 51. Kc3 Nd4 1/2-1/2

[Event "White Nights op"]
[Site "?"]
[Date "1999.??.??"]
[Round "5"]
[White "Kilpela Panu"]
[Black "Bondarenko Vladimir"]
[Result "0-1"]
[WhiteElo "2219"]
[BlackElo "2325"]
[PlyCount "72"]
[EventDate "1999.??.??"]
[Source "www.chesslib.no"]
[SourceDate "2004.05.04"]

1. e4 e5 2. Nf3 c6 3. d4 exd4 4. Nxd4 Nf6 5. e5 Qa5+ 6. Nc3 Qxe5+ 7. Be2 d5 8. Nf3 Qc7 9. O-O Bd6 10. h3 O-O 11. b3 Bf5 12. Bb2 Nbd7 13. Rc1 Rfe8 14. Bd3 Bg6 15. Bxg6 hxg6 16. Ne2 Re7 17. c4 Rae8 18. Ned4 Bf4 19. Rc2 dxc4 20. Rxc4 Nb6 21. Rc2 Nbd5 22. Re2 Rxe2 23. Nxe2 Bd6 24. Nc3 Nb4 25. Re1 Rxe1+ 26. Nxe1 Bc5 27. Nd3 Nxd3 28. Qxd3 Qf4 29. Qc2 Bd4 30. Nd1 Nd5 31. Bxd4 Qxd4 32. Qe2 Kf8 33. Ne3 Nc3 34. Qc2 b5 35. Kf1 c5 36. Kg1 f5 0-1

[Event "Timisoara women"]
[Site "Timisoara"]
[Date "1994.??.??"]
[Round "12"]
[White "Sheremetieva, Marina"]
[Black "Skripchenko-Lautier, Almira"]
[Result "1/2-1/2"]
[WhiteElo "2285"]
[BlackElo "2235"]
[PlyCount "24"]
[EventDate "1994.??.??"]
[Source "www.chesslib.no"]
[SourceDate "2004.05.04"]

1. e4 e5 2. Nf3 c6 3. d4 exd4 4. Qxd4 d6 5. Nc3 Bg4 6. Be2 Nd7 7. Bf4 Nc5 8. O-O-O Ne6 9. Qd2 g6 10. Kb1 Nxf4 11. Qxf4 Qd7 12. h3 Be6 1/2-1/2

[Event "Corr"]
[Site "?"]
[Date "2000.06.27"]
[Round "?"]
[White "Necula Iulian"]
[Black "Raffaele Enzo"]
[Result "1-0"]
[WhiteElo "2209"]
[BlackElo "2259"]
[PlyCount "73"]
[EventDate "2000.??.??"]
[Source "www.chesslib.no"]
[SourceDate "2004.05.04"]

1. e4 e5 2. Nf3 Bc5 3. Nxe5 Nf6 4. d4 Bb6 5. Nc3 Nc6 6. Be3 O-O 7. Be2 Ba5 8. f3 Bxc3+ 9. bxc3 Nxe5 10. dxe5 Ne8 11. O-O b6 12. a4 Bb7 13. a5 Qe7 14. a6 Bc6 15. Bf4 g5 16. Bg3 Ng7 17. f4 gxf4 18. Rxf4 Qxe5 19. Qd3 f6 20. Raf1 Rae8 21. Qc4+ Kh8 22. Bd3 Qc5+ 23. Qxc5 bxc5 24. Bh4 c4 25. Bxc4 Rxe4 26. Rxe4 Bxe4 27. Bxf6 d6 28. Bd3 Bg6 29. Bxg6 hxg6 30. Bxg7+ Kxg7 31. Rxf8 Kxf8 32. Kf2 Ke7 33. Ke3 g5 34. Kd4 Kd7 35. c4 Ke6 36. g3 g4 37. Ke4 1-0

[Event "SLO Ch U20"]
[Site "Slovenia"]
[Date "1994.??.??"]
[Round "?"]
[White "Riegler, Primoz"]
[Black "Habjanic, David"]
[Result "1/2-1/2"]
[WhiteElo "2270"]
[BlackElo "2050"]
[PlyCount "115"]
[EventDate "1994.??.??"]
[Source "www.chesslib.no"]
[SourceDate "2004.05.04"]

1. e4 e5 2. Nf3 c6 3. d4 Nf6 4. Nxe5 d6 5. Nf3 Nxe4 6. Bd3 Nf6 7. O-O Be7 8. Re1 O-O 9. h3 h6 10. Nbd2 Be6 11. Nf1 Qd7 12. Bd2 Re8 13. Ng3 a5 14. a4 Nd5 15. c3 Na6 16. Qc2 Nac7 17. b3 Bf8 18. Nf5 Ne7 19. Nxe7+ Qxe7 20. c4 Qf6 21. Re3 Bxh3 22. Rae1 Rxe3 23. Rxe3 Bg4 24. Bc3 h5 25. Qd2 d5 26. Bxa5 Ne6 27. cxd5 cxd5 28. Bc3 Bf5 29. Ne5 Bxd3 30. Rxd3 Qf5 31. Qd1 f6 32. Rf3 Qh7 33. Nd7 Kf7 34. Ne5+ Kg8 35. Nd7 Kf7 36. Nb6 Rd8 37. Re3 Qf5 38. g3 h4 39. gxh4 Bd6 40. Qf3 Nf4 41. Bd2 g5 42. Kf1 g4 43. Qh1 Bc7 44. a5 Nh3 45. Qg2 Bf4 46. Ke2 Bxe3 47. Bxe3 Nf4+ 48. Bxf4 Qxf4 49. Kd3 Qf5+ 50. Kd2 Rd6 51. Na4 Qf4+ 52. Kd3 f5 53. Nc5 Qc1 54. Qg3 Qb1+ 55. Kc3 Qe1+ 56. Kd3 Qd1+ 57. Kc3 Qe1+ 58. Kd3 1/2-1/2

[Event "25. Politiken Cup"]
[Site "?"]
[Date "2003.07.23"]
[Round "9"]
[White "Olsen Miriam F"]
[Black "Jensen Soren Holm"]
[Result "1-0"]
[WhiteElo "2036"]
[BlackElo "2123"]
[PlyCount "73"]
[EventDate "2003.??.??"]
[Source "www.chesslib.no"]
[SourceDate "2004.05.04"]

1. e4 e5 2. Nf3 Bc5 3. Bc4 d6 4. c3 Be6 5. Qe2 Nc6 6. b4 Bb6 7. Na3 Nf6 8. O-O Qd7 9. Bxe6 fxe6 10. Nc4 O-O 11. a4 a6 12. Nxb6 cxb6 13. h3 Qc7 14. Ba3 Rfe8 15. d4 Nd7 16. Qc4 Qb8 17. d5 Nd8 18. Rfd1 Qc8 19. Qb3 Kh8 20. Ng5 Nf6 21. dxe6 h6 22. Nf7+ Nxf7 23. exf7 Re6 24. f8=Q+ Qxf8 25. Qxe6 Nxe4 26. Qa2 Nxc3 27. Qe6 Ne2+ 28. Kf1 Ng3+ 29. Ke1 Ne4 30. Ra2 Nc3 31. Rad2 Qf4 32. Rc1 Ne4 33. Rc8+ Kh7 34. Rdc2 Rxc8 35. Qxc8 d5 36. Qg4 Qh2 37. Qf5+ 1-0

[Event "Creon FRA"]
[Site "?"]
[Date "1999.08.08"]
[Round "9"]
[White "Appendino Jerome"]
[Black "Sanchez Francisco"]
[Result "1-0"]
[WhiteElo "2180"]
[BlackElo "1970"]
[PlyCount "53"]
[EventDate "1999.??.??"]
[Source "www.chesslib.no"]
[SourceDate "2004.05.04"]

1. e4 e5 2. Nf3 Bc5 3. c3 Qe7 4. d4 exd4 5. cxd4 Bb4+ 6. Nc3 Qxe4+ 7. Be2 Bxc3+ 8. bxc3 Nf6 9. O-O O-O 10. Bd3 Qg4 11. Re1 d6 12. Bg5 Nbd7 13. Re7 h6 14. Bh4 g5 15. h3 Qh5 16. g4 Nxg4 17. hxg4 Qxg4+ 18. Bg3 Nf6 19. c4 h5 20. Ne1 Qxd1 21. Rxd1 h4 22. Bh2 Bg4 23. Rb1 Ne8 24. Rxb7 Bc8 25. Rb5 f5 26. Nf3 a6 27. Rb1 1-0

[Event "Bader mem op"]
[Site "?"]
[Date "2000.10.21"]
[Round "1.24"]
[White "Csizmadia Lajos"]
[Black "Simon Peter"]
[Result "1-0"]
[WhiteElo "2021"]
[BlackElo "2085"]
[PlyCount "37"]
[EventDate "2000.??.??"]
[Source "www.chesslib.no"]
[SourceDate "2004.05.04"]

1. e4 e5 2. Nf3 Bc5 3. Bc4 Nf6 4. Nc3 O-O 5. d4 exd4 6. Nxd4 Bxd4 7. Qxd4 d6 8. Bg5 Qd7 9. Bxf6 gxf6 10. Qxf6 Qg4 11. f3 Qg7 12. Qe7 Nc6 13. Qxc7 Nd4 14. O-O-O Ne6 15. Qxd6 b6 16. Qe7 Ba6 17. Bxa6 Rfe8 18. Qh4 Qg5+ 19. Qxg5+ 1-0

[Event "Wattens op"]
[Site "Wattens"]
[Date "1997.??.??"]
[Round "?"]
[White "Fuchs, Georg"]
[Black "Gapp, Roland"]
[Result "1-0"]
[WhiteElo "2190"]
[BlackElo "1840"]
[PlyCount "89"]
[EventDate "1997.??.??"]
[Source "www.chesslib.no"]
[SourceDate "2004.05.04"]

1. e4 e5 2. Nf3 g6 3. d4 exd4 4. Qxd4 Qf6 5. e5 Qb6 6. Be3 Qxd4 7. Bxd4 Nc6 8. Bc3 Bb4 9. Bc4 Nge7 10. O-O O-O 11. a3 Bxc3 12. Nxc3 a6 13. Rad1 Kg7 14. Ne4 b6 15. Rfe1 h6 16. h3 Rd8 17. Rd2 Bb7 18. b4 Rac8 19. Bb3 Nb8 20. Nf6 Bxf3 21. gxf3 c5 22. bxc5 Rxc5 23. Ne4 Rxe5 24. f4 Ra5 25. Nd6 Nf5 26. Nb7 Nh4 27. Rd3 Rc8 28. Nxa5 bxa5 29. Re7 Rf8 30. Ba4 Nf5 31. Re5 Rc8 32. Rxa5 Rc4 33. Bxd7 Nd4 34. Ba4 Ne2+ 35. Kh2 Nxf4 36. Rd6 Rc3 37. Rb6 Rxh3+ 38. Kg1 Rxa3 39. Rxb8 Ne2+ 40. Kh2 Nc3 41. Rb4 Nd1 42. Kg2 Nc3 43. Rxa6 Nd5 44. Rc4 g5 45. Bb5 1-0

[Event "Corr"]
[Site "?"]
[Date "2001.06.13"]
[Round "?"]
[White "Da Silva Filho Alcindo Luz Ba"]
[Black "Perez Correa Miguel Angel"]
[Result "1-0"]
[WhiteElo "2321"]
[BlackElo "1500"]
[PlyCount "41"]
[EventDate "2001.??.??"]
[Source "www.chesslib.no"]
[SourceDate "2004.05.04"]

1. e4 e5 2. Nf3 Nh6 3. Nxe5 Qf6 4. d4 d6 5. Nf3 g5 6. Bxg5 Qg7 7. Nc3 f6 8. Bf4 Bg4 9. Nd5 c6 10. Bxh6 Qxh6 11. Nc7+ Kd8 12. Nxa8 d5 13. exd5 cxd5 14. c3 Nc6 15. Qb3 Na5 16. Qxd5+ Bd7 17. Qxa5+ b6 18. Qxa7 Bg4 19. Qc7+ Ke8 20. Bb5+ Bd7 21. Qxd7# 1-0

[Event "SLO Ch U18"]
[Site "Slovenia"]
[Date "1994.??.??"]
[Round "?"]
[White "Plajnsek, M."]
[Black "Decman, T."]
[Result "1-0"]
[WhiteElo "2000"]
[BlackElo "1700"]
[PlyCount "123"]
[EventDate "1994.??.??"]
[Source "www.chesslib.no"]
[SourceDate "2004.05.04"]

1. e4 e5 2. Nf3 Bd6 3. Bc4 h6 4. O-O Nf6 5. d3 a6 6. Nc3 c6 7. Ne2 Qc7 8. Ng3 Bf8 9. d4 d6 10. Nh4 Bg4 11. f3 Bd7 12. Nhf5 c5 13. dxe5 dxe5 14. a4 Nc6 15. c3 O-O-O 16. Qe2 g6 17. Ne3 Ne7 18. Bxa6 Kb8 19. Bc4 Rh7 20. a5 Bc8 21. a6 b6 22. b3 Ka7 23. Bb2 Nd7 24. b4 Nc6 25. b5 Ne7 26. Rad1 f6 27. Rd2 h5 28. Rfd1 Bh6 29. Rd6 h4 30. Ngf1 Rhh8 31. Be6 Nb8 32. Qd3 Rdf8 33. Qc4 Bg5 34. Qb3 Rd8 35. Rxd8 Rxd8 36. Bxc8 Nxc8 37. Rxd8 Qxd8 38. Qf7+ Ne7 39. Nd5 f5 40. Nxe7 Bxe7 41. Qxg6 c4 42. Qf7 Qd7 43. Qxc4 Bc5+ 44. Kh1 f4 45. Qd5 Qg7 46. Qb7+ Qxb7 47. axb7 Kxb7 48. c4 Nd7 49. Nd2 Bd4 50. Bxd4 exd4 51. Kg1 Ne5 52. Kf2 Kc7 53. g3 fxg3+ 54. hxg3 h3 55. g4 Kd6 56. Kg3 Kc5 57. Kxh3 Nxc4 58. Nb3+ Kxb5 59. Nxd4+ Kc5 60. Nc2 Nd2 61. Kg3 b5 62. g5 1-0

[Event "All Canterbury (open)"]
[Site "?"]
[Date "2003.??.??"]
[Round "1.8"]
[White "Reedy Brendan"]
[Black "Rademacher Martin"]
[Result "1-0"]
[WhiteElo "2099"]
[BlackElo "1588"]
[PlyCount "103"]
[EventDate "2003.??.??"]
[Source "www.chesslib.no"]
[SourceDate "2004.05.04"]

1. e4 e5 2. Nf3 Bc5 3. Nxe5 Qe7 4. d4 d6 5. dxc5 dxe5 6. Be3 Nf6 7. f3 a5 8. Nc3 O-O 9. Bb5 Be6 10. Qe2 Nfd7 11. Na4 f6 12. O-O Bf7 13. Rfd1 Rd8 14. b3 Nf8 15. Rxd8 Qxd8 16. Rd1 Qe7 17. c3 Kh8 18. Qd2 Ne6 19. g3 Be8 20. Bxe8 Qxe8 21. Qd5 Nc6 22. Qd7 Kg8 23. Kf2 Kf8 24. Rd5 Rd8 25. Qxe8+ Kxe8 26. Ke2 Ne7 27. Rd3 Nc6 28. Rd5 Ne7 29. Rxd8+ Kxd8 30. Kd3 Kd7 31. Kc4 Nc6 32. Nb2 Na7 33. f4 exf4 34. gxf4 g6 35. b4 axb4 36. cxb4 c6 37. a4 Nc8 38. b5 cxb5+ 39. axb5 Ne7 40. Na4 Nc7 41. Nb6+ Ke6 42. h4 h5 43. Bd2 g5 44. fxg5 fxg5 45. Bxg5 Ng6 46. Bd8 Ne8 47. Kd4 Ne5 48. Nc4 Nf7 49. Ba5 Ng7 50. c6 bxc6 51. bxc6 Ne8 52. e5 1-0

[Event "Ruhr-ch Seniors 5th"]
[Site "Germany"]
[Date "1998.??.??"]
[Round "6"]
[White "Kotlar, Alfred"]
[Black "Strozewski, Guenter"]
[Result "1-0"]
[WhiteElo "1980"]
[BlackElo "1680"]
[PlyCount "91"]
[EventDate "1998.??.??"]
[Source "www.chesslib.no"]
[SourceDate "2004.05.04"]

1. e4 e5 2. Nf3 Bc5 3. Nxe5 Nf6 4. f3 O-O 5. d4 Bb6 6. Bg5 d6 7. Nc4 Re8 8. Be2 c6 9. Nxb6 axb6 10. O-O h6 11. Bh4 Nbd7 12. Nd2 b5 13. c3 Qb6 14. Bf2 c5 15. a3 Nh7 16. Bd3 Ndf6 17. e5 Nh5 18. exd6 c4 19. Bxh7+ Kxh7 20. Qc2+ Kg8 21. Rae1 Bd7 22. Re5 Nf4 23. Ne4 Nd3 24. Rxe8+ Rxe8 25. Qd2 f5 26. Nc5 Nxf2 27. Qxf2 Qxd6 28. Nxb7 Qe7 29. Nc5 Bc8 30. Rd1 g5 31. Kf1 Qd6 32. Qg3 f4 33. Qf2 Bf5 34. Re1 Rxe1+ 35. Qxe1 Kf7 36. Kf2 h5 37. Ne4 Qe7 38. Nc5 Qd6 39. Qe2 Kf8 40. a4 Qc6 41. Qe5 Qg6 42. a5 Bc8 43. Ne4 Bf5 44. Qf6+ Qxf6 45. Nxf6 g4 46. Nxh5 1-0

[Event "Ruhr-ch Seniors 5th"]
[Site "Germany"]
[Date "1998.??.??"]
[Round "1"]
[White "Kotzem, Ernst"]
[Black "Strozewski, Guenter"]
[Result "1-0"]
[WhiteElo "1975"]
[BlackElo "1680"]
[PlyCount "75"]
[EventDate "1998.??.??"]
[Source "www.chesslib.no"]
[SourceDate "2004.05.04"]

1. e4 e5 2. Nf3 Bc5 3. Bc4 d6 4. h3 Nf6 5. d3 O-O 6. O-O h6 7. c3 a6 8. d4 exd4 9. cxd4 Ba7 10. Bd3 Nc6 11. Be3 Re8 12. Nc3 Nb4 13. Bb1 c5 14. d5 a5 15. a3 Na6 16. Qc2 c4 17. Bxa7 Rxa7 18. Nb5 Ra8 19. Qxc4 Nc5 20. e5 Nfd7 21. exd6 Na6 22. Bc2 Ne5 23. Nxe5 Rxe5 24. Rae1 Rg5 25. f4 Rh5 26. Nc7 Nxc7 27. dxc7 Qd7 28. Qe4 Kf8 29. Qh7 f5 30. Qh8+ Kf7 31. Qd8 Qb5 32. Re7+ Kg6 33. Qe8+ Qxe8 34. Rxe8 b6 35. d6 Kf7 36. Rd8 g5 37. Bxf5 Bxf5 38. Rxa8 1-0

[Event "Corr"]
[Site "?"]
[Date "2000.06.10"]
[Round "?"]
[White "Perez Jose M"]
[Black "Foch Louis"]
[Result "1-0"]
[WhiteElo "1834"]
[BlackElo "1732"]
[PlyCount "47"]
[EventDate "2000.??.??"]
[Source "www.chesslib.no"]
[SourceDate "2004.05.04"]

1. e4 e5 2. Nf3 c6 3. Nxe5 Nf6 4. Bc4 d5 5. exd5 cxd5 6. Bb5+ Nbd7 7. O-O Bd6 8. Nxd7 Bxd7 9. Re1+ Kf8 10. Bxd7 Qxd7 11. d3 Rc8 12. c3 Qf5 13. h3 h5 14. a4 Nd7 15. Be3 Ne5 16. d4 Nc4 17. Bc1 Kg8 18. Nd2 Na5 19. Nf1 h4 20. Ne3 Qh5 21. Qd3 Be7 22. Qb5 Nc6 23. Nxd5 Qxd5 24. Qxd5 1-0

[Event "Torneio da Nazare-1"]
[Site "Nazare"]
[Date "2001.03.01"]
[Round "2.3"]
[White "Gaboleiro, Guilherme"]
[Black "Correia, Antonio"]
[Result "1-0"]
[WhiteElo "1895"]
[BlackElo "1655"]
[PlyCount "135"]
[EventDate "2001.02.22"]
[Source "www.chesslib.no"]
[SourceDate "2004.05.04"]

1. e4 e5 2. Nf3 Bc5 3. Bc4 d6 4. d4 Bxd4 5. Nxd4 exd4 6. Qxd4 Qf6 7. Qe3 Be6 8. Bd3 Nd7 9. Nc3 c6 10. O-O Nc5 11. f4 Nxd3 12. cxd3 Nh6 13. h3 Bd7 14. Qf2 b5 15. a3 Qd8 16. b4 Qb6 17. Be3 Qd8 18. Bxa7 f6 19. Be3 O-O 20. f5 Nf7 21. Bf4 Ne5 22. Bxe5 dxe5 23. d4 exd4 24. Qxd4 Be8 25. Qxd8 Rxd8 26. Rfd1 Bf7 27. Kf2 Bc4 28. g3 Bb3 29. Re1 Rd2+ 30. Re2 Rfd8 31. Rae1 R8d3 32. Rxd2 Rxd2+ 33. Re2 Rd3 34. Re3 Rd2+ 35. Ne2 Bc4 36. Ke1 Rd3 37. Rxd3 Bxd3 38. Nc3 Kf7 39. Kd2 Bf1 40. h4 Ke7 41. Ke3 Kd6 42. Kd4 Bg2 43. Ne2 Bf3 44. Nf4 Bg4 45. Nd3 Bh3 46. Nc5 Bg4 47. Ke3 g6 48. Kf4 gxf5 49. exf5 h5 50. Ne4+ Ke7 51. Nf2 Be2 52. Ne4 Bd3 53. Nf2 Bc2 54. g4 hxg4 55. Nxg4 Kf7 56. h5 Bd1 57. h6 Be2 58. h7 Kg7 59. Nxf6 Bd3 60. Ke5 Bf1 61. Ne8+ Kxh7 62. f6 Bc4 63. Nd6 Bb3 64. Ne8 Kg8 65. Kd6 Bd5 66. Kc7 Bf3 67. Kd7 Bh5 68. Nd6 1-0

[Event "Ruhr-ch Seniors 5th"]
[Site "Germany"]
[Date "1998.??.??"]
[Round "9"]
[White "Grabowski, Johann"]
[Black "Strozewski, Guenter"]
[Result "1/2-1/2"]
[WhiteElo "1860"]
[BlackElo "1680"]
[PlyCount "113"]
[EventDate "1998.??.??"]
[Source "www.chesslib.no"]
[SourceDate "2004.05.04"]

1. e4 e5 2. Nf3 Bc5 3. b4 Bxb4 4. c3 Bd6 5. Bc4 Nf6 6. O-O O-O 7. d4 Qe8 8. Re1 h6 9. Nh4 Kh7 10. f4 Be7 11. Nf5 d6 12. fxe5 dxe5 13. dxe5 Bc5+ 14. Kh1 Qxe5 15. Rf1 Nc6 16. Bf4 Qe8 17. Nxg7 Qd8 18. Nh5 Ng4 19. Qxd8 Rxd8 20. h3 Nf2+ 21. Kh2 Kg6 22. Ng3 Bb6 23. Nd2 Nd3 24. Bxd3 Rxd3 25. Nf3 Rxc3 26. Nh4+ Kh7 27. Bxc7 Be6 28. Bxb6 axb6 29. Rf2 Ne5 30. Ngf5 Rca3 31. Nd6 Rxa2 32. Rfxa2 Rxa2 33. Rb1 Nc4 34. Nxc4 Bxc4 35. Rxb6 Ra7 36. Nf5 Be6 37. Nd4 Bc8 38. Nb5 Ra6 39. Rxa6 bxa6 40. Nc3 Kg6 41. Kg3 a5 42. Kf4 Bd7 43. g4 a4 44. Nb1 Be6 45. h4 f6 46. Na3 h5 47. gxh5+ Kxh5 48. Kg3 Bb3 49. Kf4 Be6 50. Kg3 Bg4 51. Nb1 Bd1 52. Na3 Kg6 53. Kf4 Be2 54. Ke3 Bd1 55. Kf4 Kf7 56. e5 fxe5+ 57. Kxe5 1/2-1/2

[Event "Seefeld op"]
[Site "?"]
[Date "1996.??.??"]
[Round "?"]
[White "Babinetz Rainer"]
[Black "Volf Rudolf"]
[Result "1-0"]
[WhiteElo "1900"]
[BlackElo "1610"]
[PlyCount "41"]
[EventDate "1996.??.??"]
[Source "www.chesslib.no"]
[SourceDate "2004.05.04"]

1. e4 e5 2. Nf3 Bc5 3. Bc4 Nf6 4. d4 Bxd4 5. Nxd4 exd4 6. e5 Qe7 7. O-O Ne4 8. Qg4 Qxe5 9. Re1 f5 10. Bf4 fxg4 11. Bxe5 Kf8 12. Rxe4 d6 13. Rf4+ Ke7 14. Bxg7 Re8 15. Rf7+ Kd8 16. Bf6+ Re7 17. Nd2 Nc6 18. Re1 Ne5 19. Rxe7 Bf5 20. R7xe5+ Kd7 21. Bb5+ 1-0

[Event "Rheinland op"]
[Site "?"]
[Date "1997.??.??"]
[Round "5"]
[White "Paul Jan"]
[Black "Senger Peter"]
[Result "1-0"]
[WhiteElo "1830"]
[BlackElo "1615"]
[PlyCount "33"]
[EventDate "1997.??.??"]
[Source "www.chesslib.no"]
[SourceDate "2004.05.04"]

1. e4 e5 2. Nf3 Bc5 3. Nxe5 Bd4 4. Nf3 Bf6 5. Bc4 d6 6. h3 Nd7 7. d4 g6 8. O-O Ne7 9. Bh6 c6 10. Qe2 Qa5 11. Re1 Ng8 12. Bf4 Be7 13. Nc3 Nb6 14. Bb3 g5 15. Bd2 g4 16. Nd5 Qa6 17. Nc7+ 1-0

[Event "Ellwangen (15.04.-22.04)"]
[Site "?"]
[Date "2000.??.??"]
[Round "1"]
[White "Bleher Walter"]
[Black "Haag Roland[38Urach"]
[Result "1/2-1/2"]
[WhiteElo "1890"]
[BlackElo "1540"]
[PlyCount "120"]
[EventDate "2000.??.??"]
[Source "www.chesslib.no"]
[SourceDate "2004.05.04"]

1. e4 e5 2. Nf3 Bc5 3. c3 Nf6 4. d4 exd4 5. cxd4 Bb4+ 6. Nc3 Nxe4 7. Qe2 Qe7 8. Bd2 Bxc3 9. Bxc3 d5 10. Nd2 Nxc3 11. Qxe7+ Kxe7 12. bxc3 b6 13. Be2 Re8 14. O-O-O Kd6 15. Bf3 c6 16. c4 Be6 17. Rhe1 Nd7 18. Be2 Re7 19. Bd3 Rae8 20. cxd5 Bxd5 21. Rxe7 Rxe7 22. a3 Nf6 23. f3 c5 24. dxc5+ Kxc5 25. Kb2 Kd6 26. Rc1 Rc7 27. Re1 Be6 28. g4 g5 29. Be4 h6 30. Bd3 Nd7 31. Rh1 Ne5 32. Be4 Nc4+ 33. Nxc4+ Rxc4 34. h4 Ke5 35. hxg5 hxg5 36. Rh6 Bxg4 37. Bd3 Rd4 38. Kc3 Bxf3 39. Rh8 Bg4 40. Rg8 f6 41. Re8+ Be6 42. Rxe6+ Kxe6 43. Kxd4 f5 44. Be2 g4 45. a4 Kf6 46. Bf1 Kg5 47. Ke3 f4+ 48. Ke4 g3 49. Kf3 Kf5 50. Bd3+ Ke5 51. Ba6 Kd4 52. Bf1 Ke5 53. Bg2 Kf5 54. Bf1 Ke5 55. Bh3 Kd5 56. Kxf4 Kc5 57. Kxg3 Kb4 58. Bd7 a6 59. Kf4 b5 60. axb5 axb5 1/2-1/2

[Event "Corr"]
[Site "?"]
[Date "2000.05.11"]
[Round "?"]
[White "Shook Ray"]
[Black "Rutten Henk"]
[Result "1-0"]
[WhiteElo "1624"]
[BlackElo "1781"]
[PlyCount "47"]
[EventDate "2000.??.??"]
[Source "www.chesslib.no"]
[SourceDate "2004.05.04"]

1. e4 e5 2. Nf3 c6 3. Nxe5 Qe7 4. d4 f6 5. Nd3 Qxe4+ 6. Be3 d5 7. Nc3 Qe7 8. Be2 Bf5 9. O-O Nd7 10. a3 O-O-O 11. b4 a6 12. Bg4 h5 13. Bxf5 Qf7 14. Na4 Kb8 15. Qf3 Bd6 16. Bf4 Nf8 17. Bxd6+ Rxd6 18. Qg3 Qc7 19. Rfe1 h4 20. Re8+ Ka7 21. Qg4 g6 22. Rxf8 gxf5 23. Qf4 h3 24. Qg3 1-0

[Event "Curacao op"]
[Site "?"]
[Date "2001.07.27"]
[Round "3"]
[White "Roose Alexander"]
[Black "Crompvoets Han"]
[Result "1-0"]
[WhiteElo "1800"]
[BlackElo "1500"]
[PlyCount "45"]
[EventDate "2001.??.??"]
[Source "www.chesslib.no"]
[SourceDate "2004.05.04"]

1. e4 e5 2. Nf3 Bc5 3. Bc4 d6 4. O-O a6 5. c3 Bg4 6. Qb3 Bxf3 7. Bxf7+ Kf8 8. gxf3 Qg5+ 9. Kh1 Qf4 10. Bh5 Bb6 11. d4 Qf6 12. Be3 g6 13. Bg4 h5 14. Bh3 Qxf3+ 15. Bg2 Qf7 16. Nd2 Qxb3 17. Nxb3 Nd7 18. f4 Ke7 19. fxe5 dxe5 20. Bg5+ Ke8 21. Rf3 c6 22. Raf1 exd4 23. h4 1-0

[Event "Corr"]
[Site "?"]
[Date "2000.10.30"]
[Round "?"]
[White "Dardengo Hupp Fabricio"]
[Black "Lingenover Peterson"]
[Result "1-0"]
[WhiteElo "1801"]
[BlackElo "1460"]
[PlyCount "113"]
[EventDate "2000.??.??"]
[Source "www.chesslib.no"]
[SourceDate "2004.05.04"]

1. e4 e5 2. Nf3 b6 3. Nxe5 Qe7 4. d4 Nc6 5. Nf3 Qxe4+ 6. Be2 Bb4+ 7. Nc3 Nf6 8. O-O Qe7 9. Re1 O-O 10. a3 Bxc3 11. bxc3 Qd6 12. a4 Nh5 13. Ba3 Qg6 14. Bxf8 Kxf8 15. Ne5 Qf6 16. Bxh5 g6 17. Bf3 a6 18. Bxc6 dxc6 19. Qf3 Qxf3 20. Nxf3 Bd7 21. Ne5 Bf5 22. Re2 Re8 23. Rae1 f6 24. Nxc6 Rxe2 25. Rxe2 Bd7 26. d5 h5 27. Nb8 Bxa4 28. Nxa6 Bb5 29. Re6 Bxa6 30. Rxf6+ Ke7 31. Re6+ Kd7 32. Re4 Bb7 33. Rd4 b5 34. c4 b4 35. c5 c6 36. d6 Bc8 37. Re4 Kd8 38. g4 Bxg4 39. Rxg4 hxg4 40. Kg2 Ke8 41. Kg3 Kf7 42. Kxg4 Kf6 43. h4 Ke6 44. Kg5 Kf7 45. f4 Ke6 46. Kxg6 Kd5 47. d7 Kxc5 48. d8=Q Kb5 49. h5 b3 50. Qd3+ Kc5 51. cxb3 Kb6 52. h6 c5 53. h7 c4 54. Qxc4 Kb7 55. h8=Q Ka7 56. Qb4 Ka6 57. Qa8# 1-0